| 000 | 01088nam a22001457a 4500 | ||
|---|---|---|---|
| 999 |
_c527750 _d527750 |
||
| 008 | 240920b ||||| |||| 00| 0 eng d | ||
| 100 |
_aVij, Jyoti _958262 |
||
| 245 | _aIndustry perspective on manufacturing & jobs creation | ||
| 260 | _aYojana | ||
| 300 | _a68(9), Sep, 2024: p.58-60 | ||
| 520 | _aWith one of the youngest populations and median age of 28, India can harness its demographic dividend by nurturing a workforce equipped with employable skills that match industry needs. The revamping of the Shram Suvidha and Samodhan portal will lead to a more efficient, transparent and user-centric labour ecosystems, benefiting all stakeholders. Another inclusive imitative by the government is to enhance women’s hostels and crèches in collaboration with industry. A working women’s hostels and crèches in collaboration with industry. A slew of measures announced in the budget for budget for manufacturing, particularly for employment generation and skilling, bodes well for the country. – Reproduced | ||
| 773 | _aYojana | ||
| 906 | _aPUBLIC FINANCE | ||
| 942 | _cAR | ||